000 00471nam a2200169Ia 4500
999 _c27258
_d27258
003 OSt
005 20211110120014.0
008 190216s9999||||xx |||||||||||||| ||und||
040 _coclc
082 _a920
_bSEB/A
100 _aSabastian, Babu
_98894
245 0 _aAnnie Besant /
_cBabu Sabastian
260 _bPoorna Publication,
_aKozhikode:
_c1991.
300 _a120p
650 _aJeeva Charithram
942 _cBK
_2ddc
_h920
_iSEB/A
_k920
_mSEB/A